Křen, Jan, 1930-. Die Konfliktgemeinschaft. - München : Oldenbourg. - 1996 [Rezension]

Titel: Křen, Jan, 1930-. Die Konfliktgemeinschaft. - München : Oldenbourg. - 1996 [Rezension]
Verfasser:
In: Neues Archiv für sächsische Geschichte, Band 68 (1997), Seite 412-414
alle Artikel anzeigen
Veröffentlicht: 1997 [1998]
Format: Aufsatz
Sprache: Deutsch
Kein Bild verfügbar
X
alg: 39503098
001A    $01999:12-11-16 
001B    $01999:04-08-21 $t21:02:36.000 
001D    $01999:12-11-16 
001U    $0utf8 
001X    $00 
002@    $0Aox 
003@    $0395030986 
007A    $0395030986 $aHEB 
007T    $0Herd13199 
010@    $ager 
011@    $a1997 $n1997 [1998] 
021A    $aKřen, Jan, 1930-. Die @Konfliktgemeinschaft. - München : Oldenbourg. -  1996 [Rezension] 
028A    $#Zajbt, Ferdinand $#Pe leu di nan teu Ja ib teu $#Peleudinanteu-Jaibteu $#Jaibteu, Peleudinanteu $#Chaipt'ŭ, P'erŭdinant'ŭ $#Seibt, Ferdinad $7118825178 $8Seibt, Ferdinand$Z1927-2003 [Tp1] $9087165708 
031A    $d68 $h412-414 $j1997 
039B    $aIn $8--Abvc--. Neues Archiv für sächsische Geschichte. - Neustadt a.d. Aisch : Schmidt, 1880-. - ISSN 0944-8195 $x199700000680000588 $9047449519 
039T    $8--Aau--Křen, Jan$Z1930-2020 [Tp1]. Die @Konfliktgemeinschaft. - München : Oldenbourg, 1996. - 404 S.. - ISBN 3-486-56017-4 $9050762125 
045F    $a900.94371 $eDDC23BSB 
045F/01 $a900 
045F/03 $g4371 
045T    $a8,1 

lok: 39503098 78

exp: 39503098 78 1 #EPN
201B/01 $026-11-17 $t03:54:13.000 
201U/01 $0utf8 
203@/01 $0791329593 
208@/01 $a12-11-16 $be 
209A/01 $a/ $f000 $x00 
220C/01 $aTitelaufnehmer: nk;gm 
244Z/01 $#Tschechien $#Tschechische Republik $#Tschechische Republik $#Tschechenland $#Tschechei Tschechien $#Česká Republika $#Czech Republic $#ČR $74303381-7 $8--Tg1--Tschechien $x01 $9086659812 
244Z/01 $2Trx $#Böhmen $#Bohemia $#Czechy $8--Trx--Čechy $x02 $9391188941 
244Z/01 $2Trx $#arvustused $#recenzijos $#Reviews $#recenziók $#recenzje $#recenzie $#recenze $8--Trx--Rezensionen $x03 $9391357441 
247C/01 $82080>Marburg/Lahn, Herder-Institut, Forschungsbibliothek, Bibliographieportal $9336309341
LEADER 00000caa a22000002c 4500
001 395030986
003 DE-603
005 20210804210236.0
007 tu
008 161112s1997 xx |||| | u00||u|ger c
035 |a (DE-599)HEB395030986 
040 |a DE-603  |b ger  |c DE-603  |d DE-603 
041 |a ger 
082 0 4 |8 1\u  |a 900.94371  |q DE-101  |2 23/BSB 
084 |a 8,1  |2 ssgn 
085 |8 1\u  |b 900 
085 |8 1\u  |z 2  |s 4371 
100 1 |a Seibt, Ferdinand  |d 1927-2003  |0 (DE-603)087165708  |0 (DE-588)118825178  |2 gnd 
245 0 0 |a ˜Křen, Jan, 1930-. Dieœ Konfliktgemeinschaft. - München : Oldenbourg. - 1996 [Rezension] 
264 0 |c 1997 [1998] 
773 0 8 |i In  |t Neues Archiv für sächsische Geschichte  |d Neustadt a.d. Aisch : Schmidt, 1880-  |x 0944-8195  |g Band 68 (1997), Seite 412-414  |w (DE-603)047449519  |w (DE-600)280274-0 
787 0 8 |i Rezension von  |a Křen, Jan, 1930-2020  |t ˜Dieœ Konfliktgemeinschaft  |d München : Oldenbourg, 1996  |h 404 S.  |z 3486560174  |w (DE-603)050762125 
924 0 |9 2080  |a (DE-603)791329593  |b DE-2080  |c HES  |d d  |g /